Statistics for Harry Potter and the Half-Blood Prince Chapter Titles

Click here to take the quiz!

General Stats

  • This quiz has been taken 162 times
  • The average score is 21 of 30

Answer Stats

Chapter #ClueAnswer% Correct
9Harry's copy of "Advanced Potion Making" belonged to this personThe Half-Blood Prince
91%
4Harry meets his new DADA professor (or so he believes)Horace Slughorn
89%
14Liquid LuckFelix Felicis
87%
1What Fudge calls the Muggle head of governmentThe Other Minister
86%
24Harry uses this nasty spell on Malfoy and is in BIG troubleSectumsempra
86%
23This is how Voldemort keeps NOT dyingHorcruxes
86%
7The new professor tries to "collect" Harry in this groupThe Slug Club
86%
15Harry learns of this kind of promise that Snape madeThe Unbreakable Vow
84%
26Hopefully a piece of Voldemort's soul is hidden hereThe Cave
80%
2Where Snape livesSpinner's End
80%
30Wizards come to pay their respects and we all cry. The end.The White Tomb
75%
29Fawkes sings a beautifully sad songThe Phoenix Lament
73%
5Ginny's feeling slightly inferior to her soon to be veela sister-in-lawAn Excess of Phlegm
71%
27Snape does something seemingly horrible and unforgivableThe Lightning-Struck Tower
68%
19Kreacher and Dobby try to find out some informationElf Tails
67%
6Malfoy takes a stroll down Knockturn AlleyDraco's Detour
66%
3Dumbedore visits Harry at Privet Drive and hilarity ensues. Harry learns of his inheritance.Will and Won't
64%
10Dumbledore shows Harry Voldemort's mom and dad.The House of Gaunt
63%
12Mundungus is a thief and Katie Bell almost diesSilver and Opals
62%
8The Potions Master is teaching a new subjectSnape Victorious
62%
28Harry chases the cowardFlight of the Prince
62%
16The new Minister of Magic pays a holiday visit, and learns that Harry is "Dumbledore's man, through and through"A Very Frosty Christmas
60%
17The new professor is trying to cover up somethingA Sluggish Memory
59%
22Poor acromantula bites the dustAfter the Burial
58%
25Professor Trelawney tells Harry about her job interview for HogwartsThe Seer Overheard
58%
11"Confunded anyone, lately?"Hermione's Helping Hand
58%
20Tom Riddle asked Dumbledore for a job once upon a timeLord Voldemort's Request
57%
18Ron takes a love potion, and it's hilarious, except he almost dies.Birthday Surprises
57%
13Voldemort as a kid is almost as scary as grown-up VoldemortThe Secret Riddle
54%
21Harry finds out where Malfoy has been goingThe Unknowable Room
54%

Score Distribution

Percentile by Number Answered

Percent of People with Each Score

Your Score History

You have not taken this quiz